Bohemian Rhapsody Missing Lyrics Quiz - Statistics

General Stats
  • This quiz has been taken 312 times
    306 since last reset
  • The average score is 60 of 74
Answer Stats
Answer % Correct
Is this just {fantasy}?
97%
No {escape} from reality,
97%
Is this the {real} {life}?
95%
Look up to the {skies} and see,
95%
{Mama},
94%
{Mama}
94%
{Mama}. ooh
94%
{Mama}, oooh,
94%
But I'm just a {poor} {boy}, nobody loves me,
93%
I'm just a {poor} {boy}, I need no sympathy,
93%
Put a gun against his {head},
93%
Just killed a {man},
92%
{Life} had just begun
91%
Too late, my {time} has come,
91%
Carry on, {carry} {on},
90%
{Pulled} my trigger, now he's dead
90%
Any way the {wind} {blows}
89%
(Any way the {wind} {blows})
89%
(Any way the {wind} {blows})
89%
As if {nothing} really matters
89%
Didn't mean to make you {cry},
89%
If I'm not back again this time {tomorrow},
89%
I sometimes wish I'd never been born {at} {all}.
89%
{To} {me}
89%
{To} {me}
89%
Sends shivers {down} {my} {spine},
88%
Caught in a {landslide},
87%
Because I'm {easy} {come}, {easy} {go},
86%
{Easy} {come}, {easy} {go}
86%
But now I've gone and {thrown} {it} {all} away
85%
{Goodbye}, everybody, I've got to go
85%
He's just a poor boy from a {poor} {family},
85%
({Let} {me} {go})
84%
({Let} {me} {go})
84%
{Little} {high}, {little} {low},
84%
Mamma Mia, {let} {me} {go}
84%
Never, never, never, never {let} {me} {go}, Ah
84%
Will you {let} {me} {go}?
84%
I see a little {silhouetto} of a man,
83%
{Open} {your} {eyes},
82%
Very, very {frightening} me,
82%
We will not {let} {you} {go}
82%
We will not {let} {you} {go}
82%
We will not {let} {you} {go}
82%
Will not {let} {you} {go}
82%
Body's {aching} all the time
81%
Gotta leave you all behind and {face} {the} {truth}
80%
{Galileo}
79%
{Galileo}
79%
{Galileo}
79%
{Galileo}
79%
{Galileo}, Figaro- magnifico
79%
{For} {me}!
77%
Will you do the {Fandango}?
76%
And {leave} me to die?
75%
{Thunderbolts} {and} {lightning},
75%
Spare him his life from this {monstrosity}
74%
And {spit} in my eye?
71%
(Oh mamma mia, {mamma mia})
71%
{Just} {gotta} get out,
70%
{Just} {gotta} get right outta here.
70%
({Let} {him} {go}!)
70%
({Let} {him} {go}!)
70%
{Scaramouche},
66%
{Scaramouche},
66%
{Nothing} {really} {matters},
64%
{Nothing} {really} {matters},
64%
{Nothing} {really} {matters},
64%
{Bismillah}!
60%
{Bismillah}!
60%
{Bismillah}!, No
60%
So you think you can {love} {me}?
56%
{Beelzebub} has a devil put aside,
55%
So you think you can {stone} me
31%
No matching quizzes found
Score Distribution
Percent of People with Each Score
Percentile by Number Answered
Your Score History
You have not taken this quiz since the last reset